00493nam a2200157Ia 4500008004100000082002400041100002800065245004000093250000600133260005200139300000800191600002800199630004000227700002800267730004000295151018s9999 xx 000 0 und d bRBASDV5057a891.464 aना ह आपटे aआपण आहोत माणस b1 bआपटे आणि मंडळीÇc1961 a141 aना ह आपटे aआपण आहोत माणस aना ह आपटे aआपण आहोत माणस